| 000 | 00492 a2200181 4500 | ||
|---|---|---|---|
| 003 | OSt | ||
| 005 | 20250531110511.0 | ||
| 008 | 231211b |||||||| |||| 00| 0 eng d | ||
| 020 | _a9788124415886 | ||
| 040 | _coclc | ||
| 082 |
_a954.83 _bMEN/K |
||
| 100 | 1 |
_aSreedhara Menon, A. _910096 |
|
| 245 |
_aKERALACHARITHRAM / _cA Sreedhara Menon |
||
| 250 | _a29th ed. | ||
| 260 |
_bD C Books, _c2023. |
||
| 300 | _a440p | ||
| 942 |
_2ddc _cBK _h954.83 _iMEN/K _k954.83 _mMEN/K |
||
| 999 |
_c44171 _d44171 |
||